[Event "Arica 3rd"]
[Site "Arica"]
[Date "2016.07.11"]
[Round "3.4"]
[White "Milla Ramirez, Luis Domingo"]
[Black "Pichot, Alan"]
[Result "0-1"]
[WhiteElo "2202"]
[BlackElo "2543"]
[PlyCount "78"]
[EventDate "2016.07.10"]
[EventType "swiss"]
[EventRounds "10"]
[EventCountry "CHI"]
[SourceTitle "EXT 2024"]
[Source "ChessBase"]
[SourceDate "2023.10.10"]
[SourceVersion "1"]
[SourceVersionDate "2023.10.10"]
[SourceQuality "1"]

1. e4 c5 2. Nf3 Nc6 3. d4 cxd4 4. Nxd4 Qb6 5. Nb3 Nf6 6. Nc3 e6 7. Be2 Qc7 8. 0-0 Be7 9. Be3 a6 10. f4 d6 11. Nd4 Bd7 12. Qe1 b5 13. a3 Rb8 14. Kh1 0-0 15. Bd3 Na5 16. Qg3 Nc4 17. Bc1 Qc5 18. Nde2 e5 19. f5 Kh8 20. b3 Rfe8 21. Bg5 Nb6 22. Qh4 d5 23. Rf3 dxe4 24. Nxe4 Nxe4 25. Bxe4 Bxg5 26. Qxg5 f6 27. Qh5 b4 28. Rh3 h6 29. Qg6 Re7 30. axb4 Qxb4 31. Nc3 Be8 32. Qg3 Rd8 33. Qe3 Rd4 34. g4 Rc7 35. Rxa6 Rxc3 36. Qxc3 Rd1+ 37. Kg2 Qxe4+ 38. Qf3 Rd2+ 39. Kg3 Qe1+ 0-1

[Event "CHI-ch"]
[Site "Valdivia"]
[Date "2016.03.05"]
[Round "10"]
[White "Squella Lavin, Carlos Felipe"]
[Black "Milla Ramirez, Luis Domingo"]
[Result "0-1"]
[WhiteElo "2249"]
[BlackElo "2123"]
[PlyCount "58"]
[EventDate "2016.02.29"]
[EventType "tourn"]
[EventRounds "11"]
[EventCountry "CHI"]
[SourceTitle "CBM 171 Extra"]
[Source "ChessBase"]
[SourceDate "2016.04.26"]
[SourceVersion "1"]
[SourceVersionDate "2016.04.26"]
[SourceQuality "1"]

1. d4 d5 2. c4 c6 3. Nc3 dxc4 4. a4 e5 5. e3 exd4 6. exd4 Be6 7. Nf3 Nf6 8. Be2 Bd6 9. 0-0 Nbd7 10. Nd2 Nb6 11. a5 Nbd5 12. Nxc4 Bf4 13. a6 b6 14. Bxf4 Nxf4 15. Ne5 Qd6 16. Bf3 Rc8 17. Qd2 N4d5 18. Bxd5 Bxd5 19. Rfe1 0-0 20. Re3 Rfd8 21. Rae1 Be6 22. Rg3 Bf5 23. Rge3 b5 24. Qe2 h6 25. Rd1 b4 26. Na4 c5 27. d5 Nxd5 28. g4 Be6 29. Qd2 Qxa6 0-1

[Event "CHI-ch"]
[Site "Valdivia"]
[Date "2016.03.03"]
[Round "6"]
[White "Valenzuela Gomez, Fernando Alberto"]
[Black "Milla Ramirez, Luis Domingo"]
[Result "1-0"]
[WhiteElo "2334"]
[BlackElo "2123"]
[PlyCount "63"]
[EventDate "2016.02.29"]
[EventType "tourn"]
[EventRounds "11"]
[EventCountry "CHI"]
[SourceTitle "CBM 171 Extra"]
[Source "ChessBase"]
[SourceDate "2016.04.26"]
[SourceVersion "1"]
[SourceVersionDate "2016.04.26"]
[SourceQuality "1"]

1. e4 e6 2. d4 d5 3. Nc3 Nf6 4. e5 Nfd7 5. f4 c5 6. Nf3 Nc6 7. Be3 cxd4 8. Nxd4 Bc5 9. Qd2 Nxd4 10. Bxd4 Bxd4 11. Qxd4 Qb6 12. Nb5 Qxd4 13. Nxd4 a5 14. 0-0-0 Nb6 15. g3 Bd7 16. b3 0-0 17. a4 Rac8 18. Kb2 Rc5 19. h4 Nc8 20. Bg2 Ne7 21. Rd2 Rfc8 22. Rhd1 h6 23. h5 R8c7 24. g4 Nc6 25. Nb5 Rc8 26. Nd6 Rc7 27. Ne4 dxe4 28. Rxd7 Rxc2+ 29. Kxc2 Nd4+ 30. Kb2 Rxd7 31. Bxe4 b6 32. Rd2 1-0

[Event "CHI-ch sf"]
[Site "Santiago de Chile"]
[Date "2016.01.24"]
[Round "3"]
[White "Cuevas Araya, Walter"]
[Black "Milla Ramirez, Luis Domingo"]
[Result "1-0"]
[WhiteElo "2223"]
[BlackElo "2091"]
[PlyCount "75"]
[EventDate "2016.01.23"]
[EventType "swiss"]
[EventRounds "9"]
[EventCountry "CHI"]
[SourceTitle "EXT 2017"]
[Source "ChessBase"]
[SourceDate "2016.10.25"]
[SourceVersion "1"]
[SourceVersionDate "2016.10.25"]
[SourceQuality "1"]

1. d4 Nf6 2. Nf3 e6 3. c4 c5 4. e3 cxd4 5. exd4 d5 6. Nc3 Be7 7. Be2 0-0 8. 0-0 dxc4 9. Bxc4 Nbd7 10. Bb3 Nb6 11. Ne5 Nbd5 12. Bg5 Nxc3 13. bxc3 Ne4 14. Bxe7 Qxe7 15. Qd3 Nf6 16. Rfe1 Qd6 17. Re3 Nd5 18. Rh3 f5 19. Bxd5 exd5 20. Re1 g6 21. f4 Bd7 22. Rhe3 Rad8 23. h4 Ba4 24. Qe2 a6 25. h5 Bb5 26. Qb2 Rfe8 27. hxg6 hxg6 28. Rg3 Re6 29. Rg5 Rf8 30. Re3 Kg7 31. Reg3 Rff6 32. a4 Bc6 33. Qb1 Qf8 34. Rh3 Re7 35. Qe1 Be8 36. Qg3 Qg8 37. Qh2 Bxa4 38. Rh6 1-0

[Event "CHI-ch sf"]
[Site "Santiago de Chile"]
[Date "2016.01.23"]
[Round "2"]
[White "Milla Ramirez, Luis Domingo"]
[Black "Olivares Olivares, Claudio"]
[Result "1-0"]
[WhiteElo "2091"]
[BlackElo "2293"]
[PlyCount "39"]
[EventDate "2016.01.23"]
[EventType "swiss"]
[EventRounds "9"]
[EventCountry "CHI"]
[SourceTitle "EXT 2017"]
[Source "ChessBase"]
[SourceDate "2016.10.25"]
[SourceVersion "1"]
[SourceVersionDate "2016.10.25"]
[SourceQuality "1"]

1. e4 c5 2. Nf3 e6 3. c3 Nf6 4. e5 Nd5 5. d4 cxd4 6. cxd4 b6 7. Be2 Bb7 8. 0-0 d6 9. Nc3 Nd7 10. Bg5 Be7 11. Ne4 f6 12. exd6 Bf8 13. Bh4 g6 14. Ne5 a6 15. Bg4 Nxe5 16. dxe5 g5 17. Bxe6 Qb8 18. Qh5+ Kd8 19. Nxf6 Nxf6 20. Bxg5 1-0

[Event "Santiago Endesa Interempresas tt-B"]
[Site "Santiago de Chile"]
[Date "2008.08.19"]
[Round "5"]
[White "Milla Ramirez, Luis Domingo"]
[Black "Perez Gormaz, Matias Ariel"]
[Result "1-0"]
[WhiteElo "2029"]
[BlackElo "1810"]
[PlyCount "83"]
[EventDate "2008.07.22"]
[EventType "team"]
[EventRounds "11"]
[EventCountry "CHI"]
[SourceTitle "EXT 2012"]
[Source "ChessBase"]
[SourceDate "2011.11.24"]
[SourceVersion "1"]
[SourceVersionDate "2011.11.24"]
[SourceQuality "1"]

1. e4 Nf6 2. Nc3 d5 3. e5 d4 4. Nce2 Ng4 5. Nf3 Nc6 6. c3 dxc3 7. d4 cxb2 8. Bxb2 e6 9. Nc3 Be7 10. Bb5 Bd7 11. 0-0 0-0 12. h3 Nh6 13. a3 Na5 14. Bd3 Bc6 15. Ne4 Bd5 16. Rc1 Nf5 17. Re1 c6 18. Nc5 b6 19. Ne4 h6 20. Nfd2 f6 21. Qg4 fxe5 22. dxe5 Qe8 23. Rc3 Qf7 24. Bb1 h5 25. Qd1 Nb7 26. Rf3 Qe8 27. Qc2 Nh4 28. Rg3 Nf5 29. Nf6+ Bxf6 30. exf6 g6 31. Rg5 Qf7 32. g4 hxg4 33. hxg4 Qh7 34. Ne4 Qh6 35. gxf5 Bxe4 36. Rxg6+ Qxg6+ 37. fxg6 Bxc2 38. Bxc2 Nc5 39. g7 Rfd8 40. Bg6 Rd7 41. Kg2 Rad8 42. Rh1 1-0